Current therapy in neonatal-perinatal medicine, 1985-1986 / (Record no. 5637)

000 -LEADER
fixed length control field 01107cam a2200325 a 4500
003 - CONTROL NUMBER IDENTIFIER
control field ALUPE UNIVERSITY
005 - DATE AND TIME OF LATEST TRANSACTION
control field 20220505082027.0
008 - FIXED-LENGTH DATA ELEMENTS--GENERAL INFORMATION
fixed length control field 880614s1985 onca 1 0 eng d
020 ## - INTERNATIONAL STANDARD BOOK NUMBER
International Standard Book Number 0941158314
040 ## - CATALOGING SOURCE
Transcribing agency DNLM
049 ## - LOCAL HOLDINGS (OCLC)
Holding library AEU
050 #4 - LIBRARY OF CONGRESS CALL NUMBER
Classification number RG626
Item number .C87 1985
060 00 - NATIONAL LIBRARY OF MEDICINE CALL NUMBER
Classification number WS 420
Item number C976 1985
090 0# - LOCALLY ASSIGNED LC-TYPE CALL NUMBER (OCLC); LOCAL CALL NUMBER (RLIN)
Classification number (OCLC) (R) ; Classification number, CALL (RLIN) (NR) RG 628 C976 1985
245 00 - TITLE STATEMENT
Title Current therapy in neonatal-perinatal medicine, 1985-1986 /
Statement of responsibility, etc. Nicholas M. Nelson [editor].
260 ## - PUBLICATION, DISTRIBUTION, ETC.
Place of publication, distribution, etc. Toronto ; Philadelphia :
Name of publisher, distributor, etc. B.C. Decker ; Saint Louis : C.V. Mosby,
Date of publication, distribution, etc. c1985.
300 ## - PHYSICAL DESCRIPTION
Extent xviii, 403 p. :
Other physical details ill. ;
Dimensions 26 cm.
336 ## - CONTENT TYPE
Content type term text
Content type code txt
Source rdacontent
337 ## - MEDIA TYPE
Media type term unmediated
Media type code n
Source rdamedia
338 ## - CARRIER TYPE
Carrier type term volume
Carrier type code nc
Source rdacarrier
500 ## - GENERAL NOTE
General note "Errata slip inserted."
504 ## - BIBLIOGRAPHY, ETC. NOTE
Bibliography, etc. note Includes bibliographical references and index.
650 #2 - SUBJECT ADDED ENTRY--TOPICAL TERM
Topical term or geographic name entry element Fetal Diseases
General subdivision diagnosis.
650 #2 - SUBJECT ADDED ENTRY--TOPICAL TERM
Topical term or geographic name entry element Fetal Diseases
General subdivision therapy.
650 #2 - SUBJECT ADDED ENTRY--TOPICAL TERM
Topical term or geographic name entry element Infant, Newborn, Diseases
General subdivision diagnosis.
650 #2 - SUBJECT ADDED ENTRY--TOPICAL TERM
Topical term or geographic name entry element Infant, Newborn, Diseases
General subdivision therapy.
650 #0 - SUBJECT ADDED ENTRY--TOPICAL TERM
Topical term or geographic name entry element Fetus
General subdivision Diseases
-- Diagnosis.
700 1# - ADDED ENTRY--PERSONAL NAME
Personal name Nelson, Nicholas M.,
Dates associated with a name 1929-2014.
942 ## - ADDED ENTRY ELEMENTS (KOHA)
Source of classification or shelving scheme
Koha item type Book
Suppress in OPAC CM
Holdings
Withdrawn status Lost status Source of classification or shelving scheme Damaged status Not for loan Permanent Location Current Location Shelving location Date acquired Source of acquisition Total Checkouts Full call number Barcode Date last seen Price effective from Koha item type Public note
          AU LIBRARY AU LIBRARY Open Shelf 05.05.2022 DONATION FROM MOI UNIVERSITY   RG626 .C87 1985 28007965 05.05.2022 05.05.2022 Book CM

Powered by Koha